Pokémon Within Pokémon - Statistics

General Stats
  • This quiz has been taken 41 times
  • The average score is 7 of 9
Answer Stats
Kangaroo Joey Type % Correct
Murkrow Muk Poison
87%
Meowth Mew Psychic
83%
Sawsbuck Sawk Fighting
83%
Hoothoot Ho-Oh Fire Flying
73%
Steelix Seel Water
73%
Barbaracle Abra Psychic
67%
Obstagoon Bagon Dragon
67%
Eternatus Natu Psychic Flying
67%
Gastrodon Aron Steel Rock
60%
No matching quizzes found
Score Distribution
Percent of People with Each Score
Percentile by Number Answered
Your Score History
You have not taken this quiz